La Roumanie (Record no. 120539)

MARC details
000 -LEADER
campo de control de longitud fija 00554nam a2200193 4500
001 - NÚMERO DE CONTROL
campo de control 120539
003 - IDENTIFICADOR DE NÚMERO DE CONTROL
campo de control ES-MaACL
005 - FECHA Y HORA DE LA ÚLTIMA TRANSACCIÓN
campo de control 20230906191555.0
007 - CAMPO FIJO DE DESCRIPCIÓN FÍSICA--INFORMACIÓN GENERAL
campo de control de longitud fija t|
008 - DATOS DE LONGITUD FIJA--INFORMACIÓN GENERAL
campo de control de longitud fija 070214s1917 fr r ||||1| fre d
100 1# - ENTRADA PRINCIPAL--NOMBRE DE PERSONA
Nombre de persona Pittard, Eugène.
9 (RLIN) 92428
245 13 - MENCIÓN DEL TÍTULO
Título La Roumanie
Resto del título : ; Valachie ; Moldavie ; Dobroudja /
Mención de responsabilidad, etc. Eugène Pittard.
260 ## - PUBLICACIÓN, DISTRIBUCIÓN, ETC.
Lugar de publicación, distribución, etc. Paris :
Nombre del editor, distribuidor, etc. [s. n.],
Fecha de publicación, distribución, etc. 1917 (
Lugar de fabricación/manufactura Chartres :
Fabricante Imp. Durand)
300 ## - DESCRIPCIÓN FÍSICA
Extensión 327 p., 32 lám. ;
Dimensiones 23 x 14 cm.
740 0# - ENTRADA AGREGADA--TÍTULO RELACIONADO/ANALÍTICO NO CONTROLADO
Título relacionado o analítico no controlado Valachie.
740 0# - ENTRADA AGREGADA--TÍTULO RELACIONADO/ANALÍTICO NO CONTROLADO
Título relacionado o analítico no controlado Moldavie.
740 0# - ENTRADA AGREGADA--TÍTULO RELACIONADO/ANALÍTICO NO CONTROLADO
Título relacionado o analítico no controlado Dobrouja.
852 ## - LOCALIZACIÓN
Ubicación ES-MaACL
Número de control de estantería F-11130
Holdings
Estatus retirado Estado de pérdida Estado de daño No para préstamo Biblioteca de origen Biblioteca actual Ubicación en estantería Fecha de adquisición Fuente de adquisición Total de préstamos Signatura topográfica completa Código de barras Visto por última vez Precio de reemplazo Tipo de ítem Koha
        Biblioteca del Ateneo de Madrid Biblioteca del Ateneo de Madrid Sala Pecera Planta 2 17/01/2008     F-11130 1125643 23/02/2023 23/02/2023 Libro impreso